Managerial marketing : strategy and cases /

Bibliographic Details
Main Author: Bell, Martin L.
Other Authors: Vincze, Julian W.
Format: Book
Language:English
Published: New York : Elsevier, [1988]
Subjects:

MARC

Tag First Indicator Second Indicator Subfields
LEADER 00000cam a2200000 a 4500
001 in00000009983
005 20151007051611.0
008 870805s1988 nyua b 00110 eng
010 |a  87022306  
020 |a 044401215X 
035 |a (OCoLC)16646921 
035 |9 AAA3820AM 
040 |a DLC  |c DLC  |d TXA  |d UtOrBLW 
049 |a TXAM  |c [12636767] 
050 0 0 |a HF5415.13  |b .B434 1988 
082 0 |a 658.8  |2 19 
100 1 |a Bell, Martin L. 
245 1 0 |a Managerial marketing :  |b strategy and cases /  |c Martin L. Bell, Julian W. Vincze. 
264 1 |a New York :  |b Elsevier,  |c [1988] 
264 4 |c ©1988 
300 |a xviii, 708 pages :  |b illustrations ;  |c 27 cm. 
336 |a text  |b txt  |2 rdacontent 
337 |a unmediated  |b n  |2 rdamedia 
338 |a volume  |b nc  |2 rdacarrier 
504 |a Includes bibliographical references and index. 
650 0 |a Marketing  |x Management. 
650 0 |a Marketing  |x Decision making. 
650 0 |a Marketing  |x Decision making  |v Case studies. 
700 1 |a Vincze, Julian W. 
999 |a MARS 
999 f f |s ba37bf65-6b1b-3e89-9396-bf38a7170f8e  |i 7b056b5c-f506-3e2e-bbc5-a58442a25152  |t 0 
952 f f |p ric  |a Texas A&M University  |b Rellis Campus  |c Joint Library Facility  |d Remote Storage  |t 0  |e HF5415.13 .B434 1988  |h Library of Congress classification  |i unmediated -- volume  |m A14812636767 
998 f f |a HF5415.13 .B434 1988  |t 0  |l Remote Storage